|
|
|
|
| LEADER |
02394nam a2200541 4500 |
| 001 |
978-3-540-40000-4 |
| 003 |
DE-He213 |
| 005 |
20191024041009.0 |
| 007 |
cr nn 008mamaa |
| 008 |
150519s2004 gw | s |||| 0|eng d |
| 020 |
|
|
|a 9783540400004
|9 978-3-540-40000-4
|
| 024 |
7 |
|
|a 10.1007/b12766
|2 doi
|
| 040 |
|
|
|d GrThAP
|
| 050 |
|
4 |
|a QD95-96
|
| 072 |
|
7 |
|a PNFS
|2 bicssc
|
| 072 |
|
7 |
|a SCI078000
|2 bisacsh
|
| 072 |
|
7 |
|a PNFS
|2 thema
|
| 082 |
0 |
4 |
|a 543.2-543.8
|2 23
|
| 245 |
1 |
0 |
|a NMR · 3D Analysis · Photopolymerization
|h [electronic resource].
|
| 250 |
|
|
|a 1st ed. 2004.
|
| 264 |
|
1 |
|a Berlin, Heidelberg :
|b Springer Berlin Heidelberg :
|b Imprint: Springer,
|c 2004.
|
| 300 |
|
|
|a X, 294 p.
|b online resource.
|
| 336 |
|
|
|a text
|b txt
|2 rdacontent
|
| 337 |
|
|
|a computer
|b c
|2 rdamedia
|
| 338 |
|
|
|a online resource
|b cr
|2 rdacarrier
|
| 347 |
|
|
|a text file
|b PDF
|2 rda
|
| 490 |
1 |
|
|a Advances in Polymer Science,
|x 0065-3195 ;
|v 170
|
| 505 |
0 |
|
|a 1 R. Kimmich, N. Fatkullin: Polymer Chain Dynamics and NMR -- 2 H. Jinnai, Y. Nishikawa, I. Takayuki, T. Nishi: Emerging Technologies for the 3 D Analysis of Polymer Structures -- 3 H.-B. Sun, S. Kawata: Two-Photon Photopolymerization and 3D Lithographic Microfabrication.
|
| 650 |
|
0 |
|a Spectroscopy.
|
| 650 |
|
0 |
|a Polymers .
|
| 650 |
|
0 |
|a Analytical chemistry.
|
| 650 |
|
0 |
|a Physical chemistry.
|
| 650 |
|
0 |
|a Condensed matter.
|
| 650 |
1 |
4 |
|a Spectroscopy/Spectrometry.
|0 http://scigraph.springernature.com/things/product-market-codes/C11020
|
| 650 |
2 |
4 |
|a Polymer Sciences.
|0 http://scigraph.springernature.com/things/product-market-codes/C22008
|
| 650 |
2 |
4 |
|a Analytical Chemistry.
|0 http://scigraph.springernature.com/things/product-market-codes/C11006
|
| 650 |
2 |
4 |
|a Physical Chemistry.
|0 http://scigraph.springernature.com/things/product-market-codes/C21001
|
| 650 |
2 |
4 |
|a Condensed Matter Physics.
|0 http://scigraph.springernature.com/things/product-market-codes/P25005
|
| 710 |
2 |
|
|a SpringerLink (Online service)
|
| 773 |
0 |
|
|t Springer eBooks
|
| 776 |
0 |
8 |
|i Printed edition:
|z 9783662145555
|
| 776 |
0 |
8 |
|i Printed edition:
|z 9783540205104
|
| 776 |
0 |
8 |
|i Printed edition:
|z 9783662145548
|
| 830 |
|
0 |
|a Advances in Polymer Science,
|x 0065-3195 ;
|v 170
|
| 856 |
4 |
0 |
|u https://doi.org/10.1007/b12766
|z Full Text via HEAL-Link
|
| 912 |
|
|
|a ZDB-2-CMS
|
| 912 |
|
|
|a ZDB-2-BAE
|
| 950 |
|
|
|a Chemistry and Materials Science (Springer-11644)
|